On This Day: July 11th II Quiz Stats

 Plays Quiz Updated Aug 9, 2018

Score 0/7 Timer 03:00
0 Plays Today
Question Answer Wrong Answers
After a mere 79 days selling a much-maligned new version of its flagship soft drink, this brand returns to its original ‘Classic’ formula.
1985
Coca-Cola
93.3%
Pepsi
3.8%
Dr Pepper
1.3%
Sprite
0.5%
French King Louis XVI dismisses Jacques Necker as chief minister, sparking riots in Paris that would culminate in the storming of the ______ a few days later.
1789
Bastille
90.9%
Palace of Versailles
6.9%
Notre-Dame Cathedral
1.3%
Élysée Palace
0.9%
This landlocked Asian country, part of the land from which Genghis Khan began his 13th century empire, declares independence from China for the second time in a decade.
1921
Mongolia
86.9%
Nepal
9.8%
Kyrgyzstan
1.7%
Pakistan
1.1%
David Bowie releases this appropriately-themed single, featuring the character Major Tom, just over a week before the Apollo 11 moon landing.
1969
Space Oddity
85.3%
Life on Mars?
9.7%
Changes
1.6%
Under Pressure
2.4%
Former US President William Howard Taft is sworn is as ______, making him the only person to hold both offices.
1921
Chief Justice of the United States
71.8%
Speaker of the House
10%
Secretary of State
13.8%
President Pro Tempore of the Senate
3.6%
In Johannesburg, South Africa, this country wins its first FIFA World Cup with a 1-0 extra time victory over the Netherlands thanks to a goal by Andrés Iniesta.
2010
Spain
62.5%
Italy
11.3%
Mexico
15.9%
Belgium
9.2%
Black intellectuals and activists, including this author of ‘The Souls of Black Folk,’ form the Niagara Movement, whose fight for equality for African-Americans inspired the founding of the NAACP a few years later.
1905
W.E.B. Du Bois
55.3%
Booker T. Washington
21.6%
Frederick Douglass
14.2%
Marcus Garvey
8.7%

You're not logged in!

Compare scores with friends on all Sporcle quizzes.
OR
Log In

Sporcle TV

Today on Sporcle TV


Watch our educational content, quiz creation guides, and fun videos on Sporcle TV.

Show Comments

Extras

Top Quizzes Today


Score Distribution

Your Account Isn't Verified!

In order to create a playlist on Sporcle, you need to verify the email address you used during registration. Go to your Sporcle Settings to finish the process.

Report this User

Report this user for behavior that violates our Community Guidelines.

Details: